01017nam a22002177a 4500003000200000005001700002008004100019050002500060100002400085245013100109260007100240300005000311500005100361504005600412650005100468650005500519650006300574942001200637999001900649952013100668020250213113406.0250213b xxu||||| |||| 00| 0 eng d aHF 5548.4b.V55 2024 a Viñeza, Brent C. aHospice information, inventory, scheduling and communications systemba multi-platform hospice care system.cBrent C. Viñeza aLas Pinas CitybSouthville International School and Collegesc2024 axx, 329 pages: bcolored illustration;c28cm. aBachelor of Science in Information Technology. aIncludes bibliographical references and appendices. aHospice Care—Management and Administration. aMedical Informatics—Hospice Information Systems. aPalliative Care—Patient Information & Inventory Systems. 2lcccTH c367195d367195 00102lcc40aCLbCLcTHESESd2025-02-13eDONATIONkTHESESl0oHF 5548.4 .V55 2024pT1393r2025-02-13 00:00:00w2025-02-13yTH